Music Quiz

Random Music or Song Quiz

'All Alright' Lyrics by Megan and Liz Quiz Stats

Quiz not verified by Sporcle

Challenge
Share
Tweet
Embed
Score 0/188 Timer 10:00
0 Plays Today
Answer % Correct
the
92.9%
the
92.9%
the
92.9%
a
92.9%
the
92.9%
the
92.9%
the
92.9%
me
87.5%
I
85.7%
I
85.7%
I
85.7%
it
85.7%
I
85.7%
I
85.7%
it
85.7%
it
85.7%
It
85.7%
I
85.7%
it.
85.7%
it
85.7%
I
85.7%
I
85.7%
I
85.7%
it's
78.6%
alright
78.6%
it's
78.6%
all
78.6%
alright.
78.6%
it's
78.6%
all
78.6%
alright.
78.6%
it's
78.6%
all
78.6%
alright
78.6%
it;s
78.6%
alright
78.6%
it's
78.6%
all
78.6%
alright
78.6%
I'm
71.4%
you
71.4%
me
71.4%
be
71.4%
I'm
71.4%
you
71.4%
you
71.4%
me
71.4%
I'm
71.4%
me
71.4%
Tell
71.4%
me
71.4%
tell
71.4%
tell
71.4%
me
71.4%
tell
71.4%
me
71.4%
you
71.4%
you
71.4%
me
71.4%
you
71.4%
you
71.4%
Tell
71.4%
tell
71.4%
Answer % Correct
me,
71.4%
tell
71.4%
me
71.4%
me
71.4%
me
71.4%
me
71.4%
me
71.4%
I'm
71.4%
be
71.4%
Tell
71.4%
me
71.4%
tell
71.4%
me
71.4%
Tell
71.4%
me
71.4%
for
64.3%
sorry
64.3%
not
64.3%
way
64.3%
am
64.3%
If
64.3%
set
64.3%
off
64.3%
can
64.3%
outspoken.
64.3%
not
64.3%
sorry
64.3%
for
64.3%
things
64.3%
said
64.3%
on
64.3%
Wednesday
64.3%
night
64.3%
when
64.3%
left
64.3%
broken.
64.3%
Not
64.3%
as
64.3%
tough
64.3%
as
64.3%
We
64.3%
were
64.3%
stuck
64.3%
like
64.3%
glue
64.3%
Now
64.3%
Everybody
64.3%
tonight.
64.3%
wasn't
64.3%
wish
64.3%
but
64.3%
sometimes
64.3%
hurts
64.3%
just
64.3%
screwed.
64.3%
so
64.3%
everybody
64.3%
cries
64.3%
but
64.3%
won't
64.3%
know
64.3%
We
64.3%
broke
64.3%
Answer % Correct
up
64.3%
month
64.3%
ago
64.3%
when
64.3%
rains
64.3%
pours
64.3%
in
64.3%
my
64.3%
window.
64.3%
Sick
64.3%
of
64.3%
feeling
64.3%
so
64.3%
alone
64.3%
so
64.3%
won't
64.3%
Are
64.3%
sorry
64.3%
for
64.3%
night
64.3%
your
64.3%
left
64.3%
stranded.
64.3%
Were
64.3%
sorry
64.3%
off
64.3%
that
64.3%
when
64.3%
said
64.3%
wasn't
64.3%
how
64.3%
planned
64.3%
sorry
64.3%
Help
64.3%
help
64.3%
now
64.3%
Help
64.3%
figure
64.3%
out
64.3%
not
64.3%
sorry
64.3%
for
64.3%
way
64.3%
am
64.3%
know
64.3%
sometimes
64.3%
can
64.3%
outspoken
64.3%
ya
57.1%
ya
57.1%
stupid
57.1%
fight
57.1%
taillights
57.1%
boy
57.1%
driving
57.1%
goodbye
57.1%
rewrite
57.1%
story
57.1%
Yeah
57.1%
Watching
50%
again
50%
you're
35.7%

You're not logged in!

Compare scores with friends on all Sporcle quizzes.
Sign Up with Email
OR
Log In

You Might Also Like...

Show Comments

Extras

Top Quizzes Today


Score Distribution

Your Account Isn't Verified!

In order to create a playlist on Sporcle, you need to verify the email address you used during registration. Go to your Sporcle Settings to finish the process.

Report this User

Report this user for behavior that violates our Community Guidelines.

Details: